[Event "Ruhrgebiet Verbandsklasse Gruppe 2 1718"]
[Site "Germany"]
[Date "2017.10.08"]
[Round "2.8"]
[White "Litzenberg, David"]
[Black "Jacob, Donald"]
[Result "1/2-1/2"]
[WhiteElo "1474"]
[BlackElo "1583"]
[PlyCount "38"]
[EventDate "2017.09.17"]
[EventType "team-tourn"]
[EventRounds "9"]
[EventCountry "GER"]
[SourceTitle "EXT 2022"]
[Source "ChessBase"]
[SourceDate "2021.10.06"]
[SourceVersion "1"]
[SourceVersionDate "2021.10.06"]
[SourceQuality "1"]
[WhiteTeam "Dortmund Matt Inn"]
[BlackTeam "Steele/Kray Rochade"]
[WhiteTeamCountry "GER"]
[BlackTeamCountry "GER"]

1. d4 g6 2. Nf3 Nf6 3. Bg5 Bg7 4. Bxf6 Bxf6 5. c3 d6 6. e3 0-0 7. Nbd2 c5 8. Ne4 Nd7 9. Bc4 Nb6 10. Nxf6+ exf6 11. Bb3 c4 12. Bc2 d5 13. h3 Bd7 14. 0-0 Re8 15. Re1 Bc6 16. Nd2 f5 17. Qf3 Qg5 18. Kh2 Kg7 19. Rab1 h5 1/2-1/2